North American Sports Teams Named After Birds - Statistics

General Stats
  • This quiz has been taken 105 times
  • The average score is 10 of 12
Answer Stats
League Team % Correct
NFL Philadelphia Eagles
97%
NFL Arizona Cardinals
94%
MLB St. Louis Cardinals
94%
NBA Atlanta Hawks
90%
NFL Atlanta Falcons
86%
NFL Seattle Seahawks
83%
MLB Toronto Blue Jays
83%
NFL Baltimore Ravens
81%
NBA New Orleans Pelicans
81%
MLB Baltimore Orioles
79%
NHL Pittsburgh Penguins
73%
NHL Anaheim Ducks
67%
No matching quizzes found
Score Distribution
Percent of People with Each Score
Percentile by Number Answered
Your Score History
You have not taken this quiz